00390nam a2200169Ia 4500003000400000005001700004008004100021020001900062040000700081041000800088082001500096100002100111245003100132260003600163300000900199650001200208OSt20260316131123.0250729s2009 xx 000 0 und d a978-1426222511 cAL aeng a930.7 JONC aJonathan Metcalf aConcise atlas of the world aLondonbA Penguin Companyc2009 a350p aHistory